| 000 | 00805cam a2200229 4500 | ||
|---|---|---|---|
| 001 | ABS64929 | ||
| 008 | 011219n2001 000 0 eng u | ||
| 035 | _a(Sirsi) u116079 | ||
| 100 | _aBlake, L. | ||
| 245 | _aDemise of a judge | ||
| 260 | _c2001 | ||
| 490 |
_aEstates Gazette _v(0148) 1 December 2001, 123-124(2) |
||
| 520 | _aA mainly for students article which examines the office of the Lord Chancellor. Includes some recent cases such as "Hyman v Director of Public Prosecutions" where unusually the Lord Chancellor had a casting vote. Also provides a list of recent Lord Chancellors. Case law. | ||
| 590 | _aABS | ||
| 650 | _aLORD CHANCELLOR | ||
| 650 | _aLORD HAILSHAM | ||
| 650 | _aBIOGRAPHY | ||
| 650 | _aINTENTION | ||
| 650 | _aHOUSE OF LORDS | ||
| 690 | _aLAW-UK | ||
| 942 | _n0 | ||
| 999 |
_c69148 _d69148 |
||